00413nam a22001337a 4500008004100000020001500041050002300056100002300079245008100102260004600183300001600229650001300245650002100258220617b |||||||| |||| 00| 0 eng d a9966262684 aHV6018b.N45 2022  aNdikaru Wa Teresia aIntroduction to Penology: bDrop the Gun or Pick a Room/cNdikaru Wa Teresia aEldoret, Kenya bUtafiti Foundationc2022 aviii, 306p. aPenology aCrime prevention